00270nam a2200109Ia 4500008004100000100002100041245003700062260003000099300000900129942000700138999001500145190216s9999||||xx |||||||||||||| ||und|| aJagadish Prakash 0aAuditing Principles And Practice bSulthan Chand&Sonsc1968 a536p cBK c3913d3913